عرض عادي
عرض مارك
- Muindi, Wambua
دخول Personal Name
001 - CONTROL NUMBER
- control field: 25327
003 - CONTROL NUMBER IDENTIFIER
- control field: AE-AdECS
005 - DATE AND TIME OF LATEST TRANSACTION
- control field: 20260120103644.0
008 - FIXED-LENGTH DATA ELEMENTS
- fixed length control field: 260120|| aca||aabn | a|a d
040 ## - CATALOGING SOURCE
- Original cataloging agency: AE-AdECS
- Transcribing agency: AE-AdECS
100 ## - HEADING--PERSONAL NAME
- Personal name: Muindi, Wambua
670 ## - SOURCE DATA FOUND
- Source citation: Work cat.: (AE-AdECS)293795: Angelei, Ikal, author 25323, Climate Justice in Action :
